Irrigation Engineering and Hydraulic Structures / (Water Resources Engineering (Vol. II) (Record no. 10649)
[ view plain ]
| 000 -LEADER | |
|---|---|
| fixed length control field | 00446cam a2200157ua 4500 |
| 003 - CONTROL NUMBER IDENTIFIER | |
| control field | OSt |
| 008 - FIXED-LENGTH DATA ELEMENTS--GENERAL INFORMATION | |
| fixed length control field | 241108b |||||||| |||| 00| 0 eng d |
| 020 ## - INTERNATIONAL STANDARD BOOK NUMBER | |
| ISBN | 8174090479 |
| 082 ## - DEWEY DECIMAL CLASSIFICATION NUMBER | |
| Classification number | 631.587 |
| Item number | GAR/IR |
| 100 ## - MAIN ENTRY--AUTHOR NAME | |
| Personal name | Garg, Santhosh Kumar |
| 245 ## - TITLE STATEMENT | |
| Title | Irrigation Engineering and Hydraulic Structures / (Water Resources Engineering (Vol. II) |
| 250 ## - EDITION STATEMENT | |
| Edition statement | 9 / 24 rev |
| 260 ## - PUBLICATION, DISTRIBUTION, ETC. (IMPRINT) | |
| Place of publication | Delhi : |
| Name of publisher | Khanna Publishers , |
| Year of publication | 1991. |
| 300 ## - PHYSICAL DESCRIPTION | |
| Number of Pages | ; . |
| 942 ## - ADDED ENTRY ELEMENTS (KOHA) | |
| Koha item type | Books |
| Withdrawn status | Lost status | Damaged status | Collection code | Home library | Current library | Shelving location | Date acquired | Source of acquisition | Cost, normal purchase price | Full call number | Accession Number | Koha item type |
|---|---|---|---|---|---|---|---|---|---|---|---|---|
| Non-fiction | KAUAET | KAUAET | Shelf- 13A | 31/03/2012 | Penta Book Distributors, Calicut | 415.00 | 631.587 GAR/IR | 22668 | Books | |||
| Non-fiction | KAUAET | KAUAET | Shelf- 13A | 31/03/2012 | Penta Book Distributors, Calicut | 415.00 | 631.587 GAR/IR | 22669 | Books | |||
| Non-fiction | KAUAET | KAUAET | Shelf- 13A | 31/03/2012 | Penta Book Distributors, Calicut | 415.00 | 631.587 GAR/IR | 22670 | Books | |||
| Non-fiction | KAUAET | KAUAET | Scheme | 13/03/2013 | Calicut Book Distributors | 430.00 | 627.52 SAN/IR | BB 221 | Book Bank scheme for SC students | |||
| Non-fiction | KAUAET | KAUAET | Scheme | 13/03/2013 | Calicut Book Distributors | 430.00 | 627.52 SAN/IR | BB 222 | Book Bank scheme for SC students | |||
| Non-fiction | KAUAET | KAUAET | Shelf- 13A | 30/03/2013 | Aman Book Stall, Calicut | 430.00 | 631.587 GAR/IR | 24064 | Books | |||
| Non-fiction | KAUAET | KAUAET | Shelf- 13A | 30/03/2013 | Aman Book Stall, Calicut | 430.00 | 631.587 GAR/IR | 24065 | Books | |||
| KAUAET | KAUAET | Scheme | 14/09/2018 | 627.52 SAN/IR | 17902 | Book Bank scheme for SC students | ||||||
| KAUAET | KAUAET | Scheme | 14/09/2018 | 627.52 SAN/IR | 17903 | Book Bank scheme for SC students | ||||||
| General Books | KAUAET | KAUAET | Scheme | 27/07/2020 | Aman Book stall | 699.00 | 627.52 SAN/IR | BB 557 | Book Bank scheme for SC students | |||
| General Books | KAUAET | KAUAET | Scheme | 27/07/2020 | Aman Book stall | 699.00 | 627.52 SAN/IR | BB 558 | Book Bank scheme for SC students |
